| 000 | 00485nam a22001697a 4500 | ||
|---|---|---|---|
| 003 | SISC | ||
| 005 | 20160309152526.0 | ||
| 008 | 160309b xxu||||| |||| 00| 0 eng d | ||
| 100 | _aLi, Celine | ||
| 245 |
_aCrash course chinese : _blearn practical, everyday chinese fast with a native speaker _cCeline Li |
||
| 260 |
_aUSA _bPolyglot Language guides _c2015 |
||
| 300 | _a99 p. | ||
| 600 | _aGrammar--Chinese | ||
| 600 | _aChinese language-- China | ||
| 630 | _a | ||
| 942 |
_2lcc _cBK |
||
| 999 |
_c291496 _d291496 |
||